000 00753nab a22002417a 4500
001 22463
003 HDC
007 cr bn ---aaaaa
008 210128c20171011my ||||| |||| 00| 0 eng d
040 _aHDC
100 _aSandra Low,
_eauthor
_919418
245 4 _aThe rising demand for halal cosmetics /
_cSandra Low
336 _atext
_2rdacontent
337 _acomputer
_2rdamedia
338 _aonline resource
_2rdacarrier
650 _aCosmetics
_924
650 _aHalal industry
_9144
710 _aThe Star
856 _zRequest full-text at [email protected]
942 _2lcc
942 _cNEWS
942 _kNWSC 006596
999 _c19779
_d19779